Normal view MARC view

Entry Personal Name

Number of records used in: 1

001 - CONTROL NUMBER

  • control field: 1693

003 - CONTROL NUMBER IDENTIFIER

  • control field: DLC

005 - DATE AND TIME OF LATEST TRANSACTION

  • control field: 20200131111658.0

008 - FIXED-LENGTH DATA ELEMENTS

  • fixed length control field: 120824n| acannaabn |n aaa

010 ## - LIBRARY OF CONGRESS CONTROL NUMBER

  • LC control number: n 2012055614

040 ## - CATALOGING SOURCE

  • Original cataloging agency: DLC
  • Language of cataloging: eng
  • Transcribing agency: DLC

100 1# - HEADING--PERSONAL NAME

  • Personal name: Alam, Md. Shabbir

670 ## - SOURCE DATA FOUND

  • Source citation: Banking system in India, 2011:
  • Information found: t.p. (Md. Shabbir Alam) jkt. (visiting fellow at a number of mgmt. colleges)

Powered by Koha